| 000 | 004850000a22001810004500 | ||
|---|---|---|---|
| 003 | MACL | ||
| 005 | 20150802121845.0 | ||
| 008 | 150802b xxu||||| |||| 00| 0 eng d | ||
| 040 |
_aMACL _cMACL |
||
| 041 | _aEnglish | ||
| 082 | _a39/MOH | ||
| 100 |
_aMohanti R.P. _94288 |
||
| 245 |
_aCulture,Gender and Gender Discrimination _bCaste hindus and Tribes |
||
| 260 |
_bA Mittal Publication _c2007 _aNew Delhi |
||
| 350 | _a495.00 | ||
| 650 |
_aCustoms _94260 |
||
| 942 |
_cBK _k390/MOH _2ddc |
||
| 999 |
_c42174 _d42174 |
||